000
00304nam a22001337a 4500
008
170203b xxu||||| |||| 00| 0 eng d
020
_a
9781579471910
041
_a
eng
080
_a
61
100
_a
3
101
_a
SHM
245
_a
USER'S GUIDES TO THE MEDICAL LITERATURE
_c
GUYATT, G
942
_2
udc
_c
BK
999
_c
4459
_d
4459